<?xml version="1.0" encoding="UTF-8"?>
<record
    xmlns:xsi="http://www.w3.org/2001/XMLSchema-instance"
    xsi:schemaLocation="http://www.loc.gov/MARC21/slim http://www.loc.gov/standards/marcxml/schema/MARC21slim.xsd"
    xmlns="http://www.loc.gov/MARC21/slim">

  <leader>00532nam a22001817a 4500</leader>
  <controlfield tag="005">20251126102042.0</controlfield>
  <controlfield tag="008">251126b        |||||||| |||| 00| 0 eng d</controlfield>
  <datafield tag="020" ind1=" " ind2=" ">
    <subfield code="a">                            </subfield>
  </datafield>
  <datafield tag="050" ind1=" " ind2=" ">
    <subfield code="a">REF: KD122.l39 2015 v.1</subfield>
  </datafield>
  <datafield tag="100" ind1=" " ind2=" ">
    <subfield code="a">PROF: JAMES EMERITUS READ S</subfield>
  </datafield>
  <datafield tag="245" ind1=" " ind2=" ">
    <subfield code="a">LAW REPORTS OF THE COMMON WEALTH 2015</subfield>
  </datafield>
  <datafield tag="250" ind1=" " ind2=" ">
    <subfield code="a">VOL 1</subfield>
  </datafield>
  <datafield tag="260" ind1=" " ind2=" ">
    <subfield code="a">UNITED KINGDOM</subfield>
    <subfield code="b">LEXIS NEXIS</subfield>
    <subfield code="c">2015</subfield>
  </datafield>
  <datafield tag="300" ind1=" " ind2=" ">
    <subfield code="a">X,825</subfield>
  </datafield>
  <datafield tag="650" ind1=" " ind2=" ">
    <subfield code="a">Legal reports, digests etc common wealth</subfield>
  </datafield>
  <datafield tag="700" ind1=" " ind2=" ">
    <subfield code="a">PHD:SLINN PETER E</subfield>
  </datafield>
  <datafield tag="942" ind1=" " ind2=" ">
    <subfield code="2">lcc</subfield>
    <subfield code="c">REF</subfield>
  </datafield>
  <datafield tag="999" ind1=" " ind2=" ">
    <subfield code="c">216289</subfield>
    <subfield code="d">216289</subfield>
  </datafield>
  <datafield tag="952" ind1=" " ind2=" ">
    <subfield code="0">0</subfield>
    <subfield code="1">0</subfield>
    <subfield code="2">lcc</subfield>
    <subfield code="4">0</subfield>
    <subfield code="7">1</subfield>
    <subfield code="8">REF</subfield>
    <subfield code="9">373704</subfield>
    <subfield code="a">KSUL</subfield>
    <subfield code="b">KSUL</subfield>
    <subfield code="c">DISPLAY</subfield>
    <subfield code="d">2025-11-26</subfield>
    <subfield code="i">110095</subfield>
    <subfield code="l">0</subfield>
    <subfield code="o">REF: KD 122.L39 2015 V.1</subfield>
    <subfield code="p">000000020858</subfield>
    <subfield code="r">2025-11-26 10:22:26</subfield>
    <subfield code="t">C.1</subfield>
    <subfield code="w">2025-11-26</subfield>
    <subfield code="y">REF</subfield>
  </datafield>
  <datafield tag="952" ind1=" " ind2=" ">
    <subfield code="0">0</subfield>
    <subfield code="1">0</subfield>
    <subfield code="2">lcc</subfield>
    <subfield code="4">0</subfield>
    <subfield code="7">1</subfield>
    <subfield code="8">REF</subfield>
    <subfield code="9">373705</subfield>
    <subfield code="a">KSUL</subfield>
    <subfield code="b">KSUL</subfield>
    <subfield code="c">DISPLAY</subfield>
    <subfield code="d">2025-11-26</subfield>
    <subfield code="i">110096</subfield>
    <subfield code="l">0</subfield>
    <subfield code="o">REF: KD 122.L39 2015 V.1</subfield>
    <subfield code="p">000000020857</subfield>
    <subfield code="r">2025-11-26 10:22:00</subfield>
    <subfield code="t">C.2</subfield>
    <subfield code="w">2025-11-26</subfield>
    <subfield code="y">REF</subfield>
  </datafield>
  <datafield tag="952" ind1=" " ind2=" ">
    <subfield code="0">0</subfield>
    <subfield code="1">0</subfield>
    <subfield code="2">lcc</subfield>
    <subfield code="4">0</subfield>
    <subfield code="7">1</subfield>
    <subfield code="8">REF</subfield>
    <subfield code="9">373706</subfield>
    <subfield code="a">KSUL</subfield>
    <subfield code="b">KSUL</subfield>
    <subfield code="c">DISPLAY</subfield>
    <subfield code="d">2025-11-26</subfield>
    <subfield code="i">110097</subfield>
    <subfield code="l">0</subfield>
    <subfield code="o">REF: KD 122.L39 2015 V.1</subfield>
    <subfield code="p">000000020856</subfield>
    <subfield code="r">2025-11-26 10:22:00</subfield>
    <subfield code="t">C.3</subfield>
    <subfield code="w">2025-11-26</subfield>
    <subfield code="y">REF</subfield>
  </datafield>
  <datafield tag="952" ind1=" " ind2=" ">
    <subfield code="0">0</subfield>
    <subfield code="1">0</subfield>
    <subfield code="2">lcc</subfield>
    <subfield code="4">0</subfield>
    <subfield code="7">1</subfield>
    <subfield code="8">REF</subfield>
    <subfield code="9">373707</subfield>
    <subfield code="a">KSUL</subfield>
    <subfield code="b">KSUL</subfield>
    <subfield code="c">DISPLAY</subfield>
    <subfield code="d">2025-11-26</subfield>
    <subfield code="i">110098</subfield>
    <subfield code="l">0</subfield>
    <subfield code="o">REF: KD 122.L39 2015 V.1</subfield>
    <subfield code="p">000000020855</subfield>
    <subfield code="r">2025-11-26 10:22:00</subfield>
    <subfield code="t">C.4</subfield>
    <subfield code="w">2025-11-26</subfield>
    <subfield code="y">REF</subfield>
  </datafield>
  <datafield tag="952" ind1=" " ind2=" ">
    <subfield code="0">0</subfield>
    <subfield code="1">0</subfield>
    <subfield code="2">lcc</subfield>
    <subfield code="4">0</subfield>
    <subfield code="7">1</subfield>
    <subfield code="8">REF</subfield>
    <subfield code="9">373708</subfield>
    <subfield code="a">KSUL</subfield>
    <subfield code="b">KSUL</subfield>
    <subfield code="c">DISPLAY</subfield>
    <subfield code="d">2025-11-26</subfield>
    <subfield code="i">110099</subfield>
    <subfield code="l">0</subfield>
    <subfield code="o">REF: KD 122.L39 2015 V.1</subfield>
    <subfield code="p">000000020854</subfield>
    <subfield code="r">2025-11-26 10:22:00</subfield>
    <subfield code="t">C.5</subfield>
    <subfield code="w">2025-11-26</subfield>
    <subfield code="y">REF</subfield>
  </datafield>
  <datafield tag="952" ind1=" " ind2=" ">
    <subfield code="0">0</subfield>
    <subfield code="1">0</subfield>
    <subfield code="2">lcc</subfield>
    <subfield code="4">0</subfield>
    <subfield code="7">1</subfield>
    <subfield code="8">REF</subfield>
    <subfield code="9">373709</subfield>
    <subfield code="a">KSUL</subfield>
    <subfield code="b">KSUL</subfield>
    <subfield code="c">DISPLAY</subfield>
    <subfield code="d">2025-11-26</subfield>
    <subfield code="i">110100</subfield>
    <subfield code="l">0</subfield>
    <subfield code="o">REF: KD 122.L39 2015 V.1</subfield>
    <subfield code="p">000000020853</subfield>
    <subfield code="r">2025-11-26 10:22:00</subfield>
    <subfield code="t">C.6</subfield>
    <subfield code="w">2025-11-26</subfield>
    <subfield code="y">REF</subfield>
  </datafield>
  <datafield tag="952" ind1=" " ind2=" ">
    <subfield code="0">0</subfield>
    <subfield code="1">0</subfield>
    <subfield code="2">lcc</subfield>
    <subfield code="4">0</subfield>
    <subfield code="7">1</subfield>
    <subfield code="8">REF</subfield>
    <subfield code="9">373710</subfield>
    <subfield code="a">KSUL</subfield>
    <subfield code="b">KSUL</subfield>
    <subfield code="c">DISPLAY</subfield>
    <subfield code="d">2025-11-26</subfield>
    <subfield code="i">110101</subfield>
    <subfield code="l">0</subfield>
    <subfield code="o">REF: KD 122.L39 2015 V.1</subfield>
    <subfield code="r">2025-11-26 10:22:00</subfield>
    <subfield code="t">C.7</subfield>
    <subfield code="w">2025-11-26</subfield>
    <subfield code="y">REF</subfield>
  </datafield>
  <datafield tag="952" ind1=" " ind2=" ">
    <subfield code="0">0</subfield>
    <subfield code="1">0</subfield>
    <subfield code="2">lcc</subfield>
    <subfield code="4">0</subfield>
    <subfield code="7">1</subfield>
    <subfield code="8">REF</subfield>
    <subfield code="9">373711</subfield>
    <subfield code="a">KSUL</subfield>
    <subfield code="b">KSUL</subfield>
    <subfield code="c">DISPLAY</subfield>
    <subfield code="d">2025-11-26</subfield>
    <subfield code="i">110102</subfield>
    <subfield code="l">0</subfield>
    <subfield code="o">REF: KD 122.L39 2015 V.1</subfield>
    <subfield code="p">000000020752</subfield>
    <subfield code="r">2025-11-26 10:22:00</subfield>
    <subfield code="t">C.8</subfield>
    <subfield code="w">2025-11-26</subfield>
    <subfield code="y">REF</subfield>
  </datafield>
</record>
